000 00515nam a2200193Ia 4500
005 20250508163803.0
008 008 250505s9999 xx 000 0 eng d
037 _aTextual
040 _aFEDL
_beng
_cFEDL
041 _aeng
_2eng
084 _a954.03, BIP
_qFEDL
100 _aBipan Chandra
245 0 _aEssays on colonialism
260 _aHimayatnagar
_bOrient Longman Limited
_c1999
300 _aix,363p.
365 _aINR
_b275
942 _cTEXL
_h954.03, BIP
999 _c1385240
_d1385240